|
|
|
|
| LEADER |
02303nam a2200361 a 4500 |
| 001 |
EBC678329 |
| 003 |
MiAaPQ |
| 005 |
20200520144314.0 |
| 006 |
m o d | |
| 007 |
cr cn||||||||| |
| 008 |
101209s2011 cau sb 001 0 eng d |
| 010 |
|
|
|z 2010049765
|
| 020 |
|
|
|z 9780313375866 (hard copy : alk. paper)
|
| 020 |
|
|
|a 9780313375873 (electronic bk.)
|
| 035 |
|
|
|a (MiAaPQ)EBC678329
|
| 035 |
|
|
|a (Au-PeEL)EBL678329
|
| 035 |
|
|
|a (CaPaEBR)ebr10460574
|
| 035 |
|
|
|a (CaONFJC)MIL305305
|
| 035 |
|
|
|a (OCoLC)711749295
|
| 040 |
|
|
|a MiAaPQ
|c MiAaPQ
|d MiAaPQ
|
| 050 |
|
4 |
|a HD3850
|b .M34 2011
|
| 082 |
0 |
4 |
|a 338.9/25
|2 22
|
| 100 |
1 |
|
|a McGowan, Richard,
|d 1952-
|
| 245 |
1 |
0 |
|a Privatize this?
|h [electronic resource] :
|b assessing the opportunities and costs of privatization /
|c Richard A. McGowan.
|
| 260 |
|
|
|a Santa Barbara, Calif. :
|b Praeger,
|c c2011.
|
| 300 |
|
|
|a x, 206 p.
|
| 504 |
|
|
|a Includes bibliographical references and index.
|
| 505 |
0 |
|
|a Introduction -- A brief history of the privatization versus nationalization debate -- An arena model for the privatization question -- International examples -- Privatizing Sin : the 21st-century cigarette industry -- Privatize or nationalize? : Argentina's privatization of its oil industry -- The never-ending cycle of privatization : Venezuela's oil industry -- A public good or inefficiency : port facilities in the United States and Canada -- State-operated industries that were once private enterprises -- State-controlled liquor stores I: Pennsylvania -- State-controlled liquor stores II: New Hampshire -- Public transportation regional authorities : should the Boston, Philadelphia, and New York City systems be privatized? -- Proposed and newly privatized industries -- The evolution and scope of the privatized prison industry -- Privatizing a lottery : the case of Illinois -- Conclusion -- General motors and the government bailout : the hybrid privatization.
|
| 533 |
|
|
|a Electronic reproduction. Ann Arbor, MI : ProQuest, 2015. Available via World Wide Web. Access may be limited to ProQuest affiliated libraries.
|
| 650 |
|
0 |
|a Privatization
|v Case studies.
|
| 655 |
|
4 |
|a Electronic books.
|
| 710 |
2 |
|
|a ProQuest (Firm)
|
| 856 |
4 |
0 |
|u https://ebookcentral.proquest.com/lib/matrademy/detail.action?docID=678329
|z Click to View
|